| 000 | 00661cam a2200229 4500 | ||
|---|---|---|---|
| 001 | |||
| 008 | 000000n1999 000 0 eng u | ||
| 020 | _a1873394381 | ||
| 035 | _a(Sirsi) u103101 | ||
| 041 | _aeng | ||
| 050 | _a690.09 | ||
| 100 | _aInnocent, C.F. | ||
| 245 | 4 | _aThe development of English building construction. | |
| 260 |
_aShaftesbury _bDonhead Publishing _c1999 |
||
| 300 | _a294p. ill. ; 24cm. | ||
| 350 | _a35.00 | ||
| 520 | _aThis is a reprint of the 1916 edition, with a new introduction by J.T Smith. | ||
| 650 | _aARCHITECTURE | ||
| 650 | _aBUILDING AND CONSTRUCTION-MATERIALS | ||
| 690 | _aBUILT ENVIRONMENT | ||
| 942 | _n0 | ||
| 999 |
_c100085 _d100085 |
||